MARC

LEADER 00000n m0a2200000 4500
001 222808
005 20231101230501.0
035 |a (RuTPU)RU\TPU\book\243036 
090 |a 222808 
100 |a 20121002d1958 k y0rusy50 ca 
101 2 |a rus  |c eng  |c ger 
102 |a RU 
105 |a a z 001zy 
200 1 |a Эффективные термокатоды  |e [сборник переводов]  |h Вып. 1  |f под ред. А. Р. Шульмана 
210 |a Москва  |a Ленинград  |c Госэнергоиздат  |d 1958 
215 |a 321 с.  |c ил. 
320 |a Библиогр. в конце ст. 
606 1 |a Катоды термоэмиссионные  |2 stltpush  |3 (RuTPU)RU\TPU\subj\14113  |9 40581 
606 1 |a Катоды оксидные  |x Электроника  |2 stltpush  |3 (RuTPU)RU\TPU\subj\14110  |9 40578 
610 1 |a эффективные катоды 
610 1 |a переходные процессы 
610 1 |a электропроводность 
610 1 |a измерения 
610 1 |a термоэлектронная эмиссия 
610 1 |a сопротивление 
610 1 |a промежуточные слои 
610 1 |a кислород 
610 1 |a электрические свойства 
610 1 |a электронная бомбардировка 
610 1 |a фотопроводимость 
675 |a 537.52  |v 3 
675 |a 621.385.03  |v 3 
702 1 |a Шульман  |b А. Р.  |g Аркадий Романович  |4 340 
801 1 |a RU  |b 63413507  |c 20121002 
801 2 |a RU  |b 63413507  |c 20191121  |g RCR 
942 |c BK